Modern archives and manuscripts : a select bibliography / Compiled by Frank B. Evans a select bibliography / Compiled by Frank B. Evans
Descripción Física:
209 p. : a dues columnes ; 25 cm
Otros Autores:
Society of American Archivists
Materias:
Arxius -- Bibliografia
MARC
| LEADER | 00000nam a2200000Ia 4500 | ||
|---|---|---|---|
| 001 | 7592 | ||
| 008 | 160829s1975 xx 000 0 cat d | ||
| 080 | |a A-1-112 | ||
| 100 | |a Evans, Frank B. |9 38014 | ||
| 245 | |a Modern archives and manuscripts : |b a select bibliography / Compiled by Frank B. Evans | ||
| 250 | |a 2nd printing | ||
| 260 | |a Chicago : |b Society of American Archivists, |c 1975 | ||
| 300 | |a 209 p. : |b a dues columnes ; |c 25 cm | ||
| 590 | |a Índexs d'autors i de matèries | ||
| 650 | |a Arxius |x Bibliografia |9 38015 | ||
| 700 | |a Society of American Archivists |9 38016 | ||
| 901 | |a Arxiu | ||
| 942 | |n 1 | ||
| 952 | |0 0 |1 0 |4 0 |6 A1112 |7 1 |9 48203 |a Arxiu |b Arxiu |d 2016-12-01 |l 0 |o A-1-112 |p 7592 |r 2016-12-01 00:00:00 |w 2016-12-01 |y ARXIU | ||
| 999 | |c 52009 |d 52009 | ||